000 00589nam a22002177a 4500
003 OSt
005 20150408114143.0
008 130804s2013 ii a f b 011 0 engd
020 _a9789382226048
040 _aMa-Un
_beng
041 _aeng
082 0 4 _221
_a620.5
_bMAN
100 1 _aMcMichael, Allan
_936370
245 1 0 _aNano science /
_cAllan McMichael.
260 _aNew Delhi :
_bRandomExporte
_c2013
300 _a304 p. :
_bill ;
_c24 cm.
500 _aIncludes Index
504 _a Includes bibliographical references.
650 4 _aNanotechnology
_936371
942 _2ddc
_cBOOK
999 _c31313
_d265813